<?xml version="1.0" encoding="UTF-8"?><?xml-stylesheet type="text/xsl" href="static/style.xsl"?><OAI-PMH xmlns="http://www.openarchives.org/OAI/2.0/" xmlns:xsi="http://www.w3.org/2001/XMLSchema-instance" xsi:schemaLocation="http://www.openarchives.org/OAI/2.0/ http://www.openarchives.org/OAI/2.0/OAI-PMH.xsd"><responseDate>2026-04-13T05:48:38Z</responseDate><request verb="GetRecord" identifier="oai:www.recercat.cat:2445/178836" metadataPrefix="marc">https://recercat.cat/oai/request</request><GetRecord><record><header><identifier>oai:recercat.cat:2445/178836</identifier><datestamp>2025-12-05T06:01:28Z</datestamp><setSpec>com_2072_1057</setSpec><setSpec>col_2072_478802</setSpec><setSpec>col_2072_478917</setSpec></header><metadata><record xmlns="http://www.loc.gov/MARC21/slim" xmlns:dcterms="http://purl.org/dc/terms/" xmlns:xsi="http://www.w3.org/2001/XMLSchema-instance" xmlns:doc="http://www.lyncode.com/xoai" xsi:schemaLocation="http://www.loc.gov/MARC21/slim http://www.loc.gov/standards/marcxml/schema/MARC21slim.xsd">
   <leader>00925njm 22002777a 4500</leader>
   <datafield ind2=" " ind1=" " tag="042">
      <subfield code="a">dc</subfield>
   </datafield>
   <datafield ind2=" " ind1=" " tag="720">
      <subfield code="a">Hervás Nicolás, Gabriel</subfield>
      <subfield code="e">author</subfield>
   </datafield>
   <datafield ind2=" " ind1=" " tag="720">
      <subfield code="a">Medina, José Luis (Medina Moya)</subfield>
      <subfield code="e">author</subfield>
   </datafield>
   <datafield ind2=" " ind1=" " tag="260">
      <subfield code="c">2021-07-05T10:25:11Z</subfield>
   </datafield>
   <datafield ind2=" " ind1=" " tag="260">
      <subfield code="c">2021-07-05T10:25:11Z</subfield>
   </datafield>
   <datafield ind2=" " ind1=" " tag="260">
      <subfield code="c">2020-07-01</subfield>
   </datafield>
   <datafield ind2=" " ind1=" " tag="260">
      <subfield code="c">2021-07-05T10:25:11Z</subfield>
   </datafield>
   <datafield ind2=" " ind1=" " tag="520">
      <subfield code="a">INTRODUCCIÓN. Esta investigación tiene por objetivo identificar qué universidades catalanas organizan un programa de alcance institucional destinado especialmente a la formación en docencia de su profesorado novel y examinar y comparar sus características y contenidos. MÉTODO. Se realizó un análisis documental y de contenido de los datos recogidos sistemáticamente en documentos institucionales, estudios publicados y en las respuestas recibidas desde las instituciones a nuestras cuestiones. RESULTADOS. Cinco de las 12 universidades catalanas organizan un programa de estas características. Entre estos, se señala la tendencia a tratar determinados contenidos  TIC, evaluación, metodologías y diseño de asignaturas , practicar la observación en el aula y usar el portafolio como herramienta evaluativa. En cambio, contenidos como la tutoría y el trabajo en equipo son menos frecuentes, y existen claras diferencias en el diseño de los programas, horas de dedicación y origen  institucional y departamental  de sus formadores. DISCUSIÓN. Centramos la discusión en las características, diferencias y elementos comunes observados, proponiendo ideas y argumentos  por ejemplo, la inclusión de contenidos relacionados con la diversidad en el aula o la docencia en otros idiomas  que responden a lo que la literatura apunta actualmente al respecto de la formación del profesorado universitario.</subfield>
   </datafield>
   <datafield tag="653" ind2=" " ind1=" ">
      <subfield code="a">Formació del professorat</subfield>
   </datafield>
   <datafield tag="653" ind2=" " ind1=" ">
      <subfield code="a">Universitats</subfield>
   </datafield>
   <datafield tag="653" ind2=" " ind1=" ">
      <subfield code="a">Teacher training</subfield>
   </datafield>
   <datafield tag="653" ind2=" " ind1=" ">
      <subfield code="a">Universities</subfield>
   </datafield>
   <datafield ind2="0" ind1="0" tag="245">
      <subfield code="a">Profesorado novel en las universidades catalanas: análisis de sus programas formativos</subfield>
   </datafield>
</record></metadata></record></GetRecord></OAI-PMH>